Bộ sách 10 vạn câu hỏi vì sao? : Bảo vệ môi trường

Tài liệu bao gồm những câu hỏi được nêu ra và trả lời về vấn đề bảo vệ môi trường trong Bộ sách 10 vạn câu hỏi vì sao?

Guardado en:
Detalles Bibliográficos
Formato: Libro
Lenguaje:Undetermined
Publicado: Hà Nội Khoa học kỹ thuật 1996
Materias:
Etiquetas: Agregar Etiqueta
Sin Etiquetas, Sea el primero en etiquetar este registro!
Thư viện lưu trữ: Trung tâm Học liệu Trường Đại học Cần Thơ
LEADER 00747nam a2200193Ia 4500
001 CTU_19539
008 210402s9999 xx 000 0 und d
020 |c 12500 
082 |a 363.7 
082 |b B450 
245 0 |a Bộ sách 10 vạn câu hỏi vì sao? : 
245 0 |b Bảo vệ môi trường 
245 0 |c Chu Công Phùng dịch 
260 |a Hà Nội 
260 |b Khoa học kỹ thuật 
260 |c 1996 
520 |a Tài liệu bao gồm những câu hỏi được nêu ra và trả lời về vấn đề bảo vệ môi trường trong Bộ sách 10 vạn câu hỏi vì sao? 
650 |a Environmental protection 
980 |a Trung tâm Học liệu Trường Đại học Cần Thơ